| 000 | 00765nam a2200229 a 4500 | ||
|---|---|---|---|
| 005 | 20260112063306.0 | ||
| 020 | _a0814479650 | ||
| 035 | _9 (DLC) 98020006 | ||
| 039 |
_a201106170238 _bstaff _y 201106170237 _z staff |
||
| 082 | _a658.3 PLA | ||
| 100 | _aPlachy, Roger. | ||
| 245 |
_aBuilding a fair pay program : _ba step-by-step guide / _cRoger J. Plachy, Sandra J. Plachy. |
||
| 250 | _a2nd ed. | ||
| 260 |
_aNew York : _bAmacom, _cc1998. |
||
| 300 |
_axvi, 463 p. : _bill. ; _c28 cm. |
||
| 504 | _aIncludes bibliographical references (p. 456-457) and index. | ||
| 650 | _aCompensation management. | ||
| 700 | _aPlachy, Sandra J. | ||
| 991 | _aVIRTUA40 | ||
| 991 | _aVTLSSORT0080*0200*0350*0820*1000*2450*2500*2600*3000*5040*6500*7000*9992 | ||
| 909 | _a4020 | ||
| 999 |
_c3562 _d3562 |
||